000 00234pam a2200133 a 4500
020 _c
041 _h
100 _aDr.H.Santapau
245 _aCommon Trees
260 _c1966
300 _a118
653 _aBotony
930 _a919
999 _c246772
_d246772